UBT Library

NURSING DIAGNOSIS HANDBOOK (Record no. 58409)

000 -LEADER
fixed length control field 00331nam a22001457a 4500
008 - FIXED-LENGTH DATA ELEMENTS--GENERAL INFORMATION
fixed length control field 221007b ||||| |||| 00| 0 eng d
020 ## - INTERNATIONAL STANDARD BOOK NUMBER
International Standard Book Number 0323014593
041 ## - LANGUAGE CODE
Language code of text/sound track or separate title eng
080 ## - UNIVERSAL DECIMAL CLASSIFICATION NUMBER
Edition identifier fifth edition
Universal Decimal Classification number 610.73
082 ## - DEWEY DECIMAL CLASSIFICATION NUMBER
Classification number 610.73
100 ## - Rafti
Rafti 5
101 ## - Shkurtesa
Shkurtesa INF
245 ## - TITLE STATEMENT
Title NURSING DIAGNOSIS HANDBOOK
Statement of responsibility, etc ACKLEY B
942 ## - ADDED ENTRY ELEMENTS (KOHA)
Source of classification or shelving scheme
Item type Books
Holdings
Withdrawn status Lost status Source of classification or shelving scheme Damaged status Not for loan Collection code Permanent location Current location Date acquired Total Checkouts Full call number Barcode Date last seen Price effective from Koha item type
          Koleksioni i përgjithshem UBT - Lipjan UBT - Lipjan 10/07/2022   610.73 ACK 002-800028700167 10/07/2022 10/07/2022 Books
          Koleksioni i përgjithshem UBT - Lipjan UBT - Lipjan 10/07/2022   610.73 MAT 002-800028700168 10/07/2022 10/07/2022 Books
          Koleksioni i përgjithshem UBT - Lipjan UBT - Lipjan 10/07/2022   610.73 MAT 002-800028700169 10/07/2022 10/07/2022 Books
UBT Library © 2015-2024. All rights reserved University Education for Business and Technology